000 01052aam a2200253 a 4500
999 _c442261
_d442261
003 BLK
005 20250508093449.0
008 181012b bu ||||| |||| 00| 0 bu d
020 _a9786190301097
040 _aBLK
041 _aBUL
_cBUL
080 _aАмериканска литература (на САЩ)
_b821.111(73)
_z821.111(73)-312
_x-312
100 _aКрайтън, Майкъл
_eпърви автор
_91299
139 _aКрайтън, Майкъл
_bК 88
245 _aОтровен бизнес
_bРоман
_cМайкъл Крайтън; прев. Радослав Христов
257 _aBGR
260 _aСофия
_bБард
_c2021
_9209457
_fСофия : Алианс Принт
_n978-954-655- ; 978-954-585- ; 978-954-584-
300 _a427 с.
_c20 см
380 _aX
500 _aПод псевдонима Джон Ленг.
700 _aХристов, Радослав Христов
_d1963-
_9376480
942 _cKNG
_2udc
_n0
_092
_s1
944 _k30542
_aED
_c2022-02-16
_lРусанова Ирена